Guess the 1960s song lyrics #249 - Statistics

General Stats
  • This quiz has been taken 19 times
  • The average score is 124 of 175
Answer Stats
Answer % Correct
you
100%
You
100%
be
94%
I
94%
love
94%
Love
94%
a
88%
so
88%
the
88%
Your
88%
your
88%
And
81%
and
81%
in
81%
is
81%
it
81%
of
81%
to
81%
When
81%
are
75%
like
75%
Don't
69%
dont
69%
look
69%
They
69%
want
69%
where
69%
all
63%
but
63%
say
63%
down
56%
eyes
56%
head
56%
I'm
56%
know
56%
somebody
56%
They're
56%
Wouldn't
56%
Baby
50%
baby
50%
better
50%
dies
50%
find
50%
found
50%
Jefferson Airplane
50%
lies
50%
truth
50%
within
50%
friends
44%
guest
44%
joy
44%
treat
44%
his
38%
mind
38%
breast
31%
full
31%
may
31%
running
31%
Tears
31%
Yeah
31%
red
25%
afraid
19%
flowers
19%
yes
19%
dead
13%
garden
13%
No matching quizzes found
Score Distribution
Percent of People with Each Score
Percentile by Number Answered
Your Score History
You have not taken this quiz